Score 0/26 Timer 04:00
0 Plays Today
Clue Answer % Correct
Catastrophedisaster
95.4%
A rodent sometimes kept as a pethamster
95.2%
A spring holidayEaster
95.2%
A crustacean eaten as seafoodlobster
94.7%
Part of a school yearsemester
93.8%
Member of a criminal organizationgangster
92.9%
Child or other youthful personyoungster
91.2%
Morning crowerrooster
91.1%
A synthetic fabric materialpolyester
90%
A mollusk eaten as seafoodoyster
89.7%
English city with two Premier League clubsManchester
89.3%
Courtier whose task is to amusejester
88.5%
Renowned dictionary makerWebster
87.1%
Clue Answer % Correct
An appliance for cooking breadtoaster
86.5%
Music sharing network shut down in 2001Napster
79.9%
Put padding on a couch or chairupholster
79.3%
A white mineral used for sculpturealabaster
75.4%
One who pretends to be what he isn't*imposter
75%
Another word for derrierekeister
72.3%
A legislative delay tacticfilibuster
69%
Type of lawyer who pleads a casebarrister
66.4%
More extensivevaster
57.2%
Game show host, or Sporcle contributorquizmaster
41.5%
Founder of a Persian religionZoroaster
29.2%
Lead violinist in an orchestraconcertmaster
14.9%
A surgical instrument for scraping bonesxyster
4.6%
Remove Ads.
Support Sporcle.
Get the best of Sporcle when you Go Orange. This ad-free experience offers more features, more stats, and more fun while also helping to support Sporcle. Thank you for becoming a member.

You're not logged in!

Compare scores with friends on all Sporcle quizzes.
OR
Log In

Show Comments

Extras

Top Quizzes Today


Score Distribution

Your Account Isn't Verified!

In order to create a playlist on Sporcle, you need to verify the email address you used during registration. Go to your Sporcle Settings to finish the process.

Report this User

Report this user for behavior that violates our Community Guidelines.

Details: